[Event "Match"]
[Site "www.echecsemail.com"]
[Date "2015.02.03"]
[Round "1"]
[White "Caspito"]
[Black "Generalfree"]
[WhiteElo "1850"]
[BlackElo "1850"]
[Result "0-1"]
[Round "1"]
1.e4 e5
2.Ng1f3 Nb8c6
3.Bf1b5 Ng8e7
4.O-O a6
5.Bb5a4 b5
6.Ba4b3 f6
7.c3 d5
8.Rf1e1 Nc6a5
9.d3 Na5xb3
10.axb3 c6
11.Bc1d2 Bc8e6
12.Bd2e3 g5
13.c4 d4
14.Be3d2 Qd8d6
15.Bd2a5 h5
16.b4 bxc4
17.dxc4 Be6xc4
18.Nb1d2 Bc4b5
19.Nd2b3 Bf8h6
20.Nb3c5 Qd6b8
21.Qd1b3 g4
22.Nf3h4 Bh6g5
23.Qb3g3 Qb8d6
24.h3 gxh3
25.Qg3xh3 d3
26.Ra1d1 d2
27.Kh2 dxe1Q
28.Rd1xd6 Bg5f4
29.g3 Qe1xf2
30.Nh4g2 Bf4e3
31.Qh3d7 Kf8
32.Rd6d1 Rh8g8
33.Qd7h3 Bb5e2
34.Rd1h1 Be2g4
35.Nc5d7 Kf7
36.Qh3h4 Be3g5
{ resign }
0-1

[Event "Match"]
[Site "www.echecsemail.com"]
[Date "2015.02.03"]
[Round "1"]
[White "Generalfree"]
[Black "Attatroll"]
[WhiteElo "1770"]
[BlackElo "1970"]
[Result "1-0"]
[Round "1"]
1.e4 e5
2.Ng1f3 Nb8c6
3.Bf1c4 Ng8f6
4.Nf3g5 Bf8c5
5.Bc4xf7 Ke7
6.d3 h6
7.f4 hxg5
8.fxe5 Nc6xe5
9.Bf7b3 d6
10.d4 Nf6xe4
11.dxc5 Qd8f8
12.cxd6 cxd6
13.Rh1f1 Qf8d8
14.Qd1e2 Ne4c5
15.Bc1xg5 { resign }
1-0

[Event "Match"]
[Site "www.echecsemail.com"]
[Date "2015.02.03"]
[Round "1"]
[White "Calponas"]
[Black "Cardiff"]
[WhiteElo "2070"]
[BlackElo "1990"]
[Result "1-0"]
[Round "1"]
1.e4 c5
2.Ng1f3 Nb8c6
3.c4 d6
4.Nb1c3 Ng8f6
5.d3 e6
6.h3 Bf8e7
7.Bc1e3 O-O
8.Bf1e2 a6
9.O-O Rf8e8
10.Qd1d2 Qd8c7
11.Ra1c1 Bc8d7
12.Rf1d1 Ra8b8
13.d4 cxd4
14.Nf3xd4 Nc6xd4
15.Be3xd4 Qc7d8
16.f4 Bd7c6
17.Be2f3 Qd8c7
18.Nc3d5 exd5
19.cxd5 Qc7d7
20.dxc6 bxc6
21.b3 c5
22.Bd4xf6 gxf6
23.e5 fxe5
24.fxe5 Qd7e6
25.exd6 Be7f6
26.Rc1xc5 Rb8d8
27.d7 Qe6e3
28.Qd2xe3 Re8xe3
29.Rc5c8 Re3c3
30.Bf3g4 Kf8
31.Rd1e1 Bf6e7
32.Rc8xd8 { resign }
1-0

[Event "Match"]
[Site "www.echecsemail.com"]
[Date "2015.02.03"]
[Round "1"]
[White "Apoorva"]
[Black "Micheles"]
[WhiteElo "2170"]
[BlackElo "2520"]
[Result "0-1"]
[Round "1"]
1.d4 Ng8f6
2.c4 g6
3.Nb1c3 d5
4.cxd5 Nf6xd5
5.e4 Nd5xc3
6.bxc3 Bf8g7
7.Bc1b2 O-O
 { time }
0-1

[Event "Match"]
[Site "www.echecsemail.com"]
[Date "2015.02.03"]
[Round "1"]
[White "Apoorva"]
[Black "Roqueur"]
[WhiteElo "2170"]
[BlackElo "2600"]
[Result "0-1"]
[Round "1"]
1.d4 Ng8f6
2.c4 e6
3.a3 d5
4.Nb1c3 c5
5.cxd5 exd5
6.e3 Nb8c6
7.Ng1f3 cxd4
8.Nf3xd4 Bf8d6
9.Nc3b5 Bd6e5
10.Bf1e2 a6
11.Nb5c3 O-O
12.O-O Rf8e8
 { time }
0-1

[Event "Match"]
[Site "www.echecsemail.com"]
[Date "2015.02.03"]
[Round "1"]
[White "Guidom"]
[Black "Generalfree"]
[WhiteElo "2060"]
[BlackElo "1850"]
[Result "1-0"]
[Round "1"]
1.e4 c6
2.Ng1f3 d5
3.exd5 cxd5
4.d4 a6
5.c3 Nb8c6
6.Bc1f4 f6
7.Bf1d3 Bc8g4
8.Nb1d2 e5
9.dxe5 fxe5
10.Bf4g5 Bf8e7
11.Bg5xe7 Ng8xe7
12.Bd3e2 e4
13.Nf3d4 Bg4xe2
14.Qd1xe2 Nc6xd4
15.cxd4 Qd8b6
16.Nd2b3 O-O
17.O-O Ne7c6
18.Rf1d1 g6
19.Ra1c1 Ra8c8
20.Qe2e3 Nc6b4
21.Nb3c5 Nb4xa2
22.Rc1a1 Na2b4
23.Nc5d7 Qb6d6
24.Nd7xf8 Nb4c2
25.Qe3h3 Rc8xf8
26.Ra1c1 Nc2b4
27.Rc1c5 Nb4d3
28.Rc5c2 Qd6b4
29.Qh3e6 Kh8
30.Qe6xd5 Nd3f4
31.Qd5e5 Kg8
32.Rc2c7 Nf4e2
33.Kf1 Rf8f7
34.Qe5e8 Rf7f8
35.Qe8d7 Rf8f7
36.Qd7xf7 { resign }
1-0

[Event "Match"]
[Site "www.echecsemail.com"]
[Date "2015.02.03"]
[Round "1"]
[White "Crestaambra"]
[Black "Zazi"]
[WhiteElo "1579"]
[BlackElo "1550"]
[Result "0-1"]
[Round "1"]
1.e4 g5
2.d3 Bf8g7
3.c3 h6
4.Qd1h5 d6
5.g4 Bc8e6
6.f3 Ng8f6
7.Qh5h3 h5
8.Bc1xg5 hxg4
9.Qh3g3 Nf6h5
10.Qg3f2 c5
11.fxg4 Nh5f6
12.Bg5xf6 Bg7xf6
13.Ng1h3 Be6xg4
14.Nh3f4 Qd8b6
15.Nf4d5 Qb6a5
16.h3 Bg4h5
17.b4 cxb4
18.cxb4 Qa5d8
19.d4 Rh8h6
20.Nb1d2 e6
21.Nd5f4 Bf6h4
22.Bf1b5 Nb8d7
23.Bb5xd7 Kxd7
24.O-O Bh4xf2
25.Rf1xf2 Qd8g5
26.Nf4g2 Rh6g6
27.Ra1c1 Ra8g8
28.Kh1 Bh5f3
29.Rc1g1 Bf3xg2
30.Rg1xg2 Qg5b5
31.d5 exd5
32.a4 Qb5xb4
33.exd5 Rg6xg2
34.Rf2xg2 Rg8xg2
35.Kxg2 f5
36.Nd2f3 f4
37.h4 Qb4e4
38.Kf2 a5
39.h5 b5
40.h6 bxa4
41.Nf3g5 Qe4e8
42.Ng5h7 Qe8h8
43.Nh7g5 Qh8xh6
44.Ng5e4 a3
45.Kf3 a2
46.Ne4d2 a1Q
47.Nd2c4 Qa1c3
48.Nc4e3 Qc3xe3
49.Kg2 Qh6h3

0-1

[Event "Match"]
[Site "www.echecsemail.com"]
[Date "2015.02.03"]
[Round "1"]
[White "Cardiff"]
[Black "Guidom"]
[WhiteElo "1950"]
[BlackElo "2020"]
[Result "0-1"]
[Round "1"]
1.d4 d5
2.c4 e6
3.Nb1c3 Ng8f6
4.cxd5 Nf6xd5
5.Ng1f3 c6
6.e4 Nd5xc3
7.bxc3 Bf8e7
8.Bf1e2 O-O
9.O-O Nb8d7
10.Bc1e3 Nd7b6
11.Qd1c2 h6
12.Rf1d1 Qd8c7
13.c4 Bc8d7
14.Qc2d2 Kh7
15.c5 Nb6c8
16.Be2d3 f5
17.exf5 exf5
18.Be3f4 Qc7d8
19.Nf3e5 g5
20.Ne5xd7 Qd8xd7
21.Bf4e5 Be7f6
22.g4 Bf6xe5
23.dxe5 Kg7
24.Bd3xf5 Qd7xd2
25.Rd1xd2 Rf8f7
26.Rd2d8 Nc8b6
27.Rd8xa8 Nb6xa8
28.Ra1d1 Na8c7
29.Rd1d6 Rf7e7
30.Rd6g6 Kf8
31.e6 Nc7d5
32.Rg6xh6 Re7g7
33.Rh6h8 Rg7g8
34.Rh8h3 Nd5f4
35.Rh3e3 Ke7
36.Re3a3 a6
37.Ra3b3 Rg8b8
38.Kf1 Nf4d5
39.Rb3h3 Nd5f6
40.Rh3h5 Nf6xh5
41.gxh5 Rb8h8
{ resign }
0-1

[Event "1/128 Finale"]
[Site "www.chess-mail.com"]
[Date "2015.02.03"]
[Round "1"]
[White "Attatroll"]
[Black "Hundegana"]
[WhiteElo "2020"]
[BlackElo "1960"]
[Result "1-0"]
[Round "1"]
1.Ng1f3 Ng8f6
2.d4 d5
3.Bc1f4 Nb8d7
4.h3 h6
5.Nb1c3 a6
6.e3 c6
7.Bf1d3 Nd7b6
8.O-O e6
9.Nf3e5 Bf8d6
10.Nc3e2 Nf6d7
11.Ne5xf7 Kxf7
12.Bf4xd6 Nd7f6
13.Bd6e5 Nf6d7
14.Ne2g3 Nd7xe5
15.dxe5 Rh8f8
16.Qd1h5 Kg8
17.Qh5g6 Rf8f7
18.Qg6h7 Kf8
19.Bd3g6 Ke7
20.Bg6xf7 Kxf7
21.Ng3h5 Qd8g8
22.Qh7xg8 Kxg8
23.Nh5f4 Bc8d7
24.Nf4d3 Ra8f8
25.b3 Nb6a8
26.f4 b6
27.g4 c5
28.c4 Na8c7
29.cxd5 Nc7xd5
30.e4 Nd5e3
31.Rf1f3 Ne3c2
32.Ra1c1 Nc2d4
33.Rf3f2 Bd7c6
34.Rc1e1 g6
35.Nd3b2 Rf8b8
36.Nb2c4 Kg7
37.Nc4d6 a5
38.f5 exf5
39.exf5 Nd4f3
40.Rf2xf3 Bc6xf3
41.f6 Kf8
42.e6 Bf3c6
43.e7 Kg8
44.f7 Kg7
45.e8Q Bc6xe8
46.fxe8Q Rb8xe8
47.Re1xe8 h5
48.gxh5 gxh5
49.Re8e6 b5
50.Nd6xb5 Kf7
51.Re6e5 { resign }
1-0

[Event "1/128 Finale"]
[Site "www.chess-mail.com"]
[Date "2015.02.03"]
[Round "1"]
[White "E4player"]
[Black "Vitoriccardo"]
[WhiteElo "1809"]
[BlackElo "1669"]
[Result "1-0"]
[Round "1"]
1.e4 e6
2.d4 Ng8f6
3.Nb1d2 d5
4.e5 Nf6d7
5.Ng1f3 c5
6.c3 Bf8e7
7.Bf1d3 c4
8.Bd3e2 O-O
9.a4 b6
10.b3 cxb3
11.Qd1xb3 Bc8b7
12.a5 Nb8c6
13.O-O f6
14.exf6 Be7xf6
15.Rf1e1 Nc6xa5
16.Ra1xa5 bxa5
17.Qb3xb7 Nd7b6
18.Nd2b3 Rf8f7
19.Qb7a6 Qd8c7
20.Qa6xa5 Ra8f8
21.Nb3c5 Bf6e7
22.Nc5xe6 { resign }
1-0

[Event "Eq:La Taverne-CONFOEDERATIONIS HELVETICAE : "]
[Site "www.chess-mail.com"]
[Date "2015.02.03"]
[Round "1"]
[White "Conde7"]
[Black "Danquigley"]
[WhiteElo "2770"]
[BlackElo "2480"]
[Result "1-0"]
[Round "1"]
1.e4 c5
2.Ng1f3 e6
3.d4 cxd4
4.Nf3xd4 Ng8f6
5.Nb1c3 Nb8c6
6.Nd4b5 Bf8c5
7.Nb5d6 Ke7
8.Bc1f4 e5
9.Nd6f5 Kf8
10.Bf4g5 Bc5b4
11.Nf5e3 Qd8a5
12.Ne3c4 Bb4xc3
13.bxc3 Qa5xc3
14.Bg5d2 Qc3d4
15.f3 d5
16.c3 Qd4c5
17.Bd2e3 d4
18.Be3c1 Kg8
19.Bc1a3 Qc5b5
20.Ra1b1 Qb5a6
21.Qd1c1 Qa6a4
22.Nc4d6 dxc3
23.Qc1xc3 h6
24.Bf1b5 Qa4a5
25.Qc3xa5 Nc6xa5
26.Ba3b2 a6
27.Bb5e2 Bc8e6
28.Bb2c3 Na5c6
29.Rb1xb7 Be6xa2
30.O-O Kh7
31.Rf1a1 Rh8d8
32.Ra1xa2 Rd8xd6
33.Rb7xf7 a5
34.Be2b5 Nc6d4
35.Bb5a4 Ra8c8
36.Bc3xd4 Rd6xd4
37.Rf7a7 Rc8c5
38.Ba4b3 a4
39.Bb3xa4 h5
40.h4 Rd4d3
41.Ra2b2 Rd3a3
42.Rb2b7 Kh6
43.Ra7a8 Kh7
44.Rb7b8 Ra3c3
45.Rb8h8 Kg6
46.Ra8a6 Kf7
47.Rh8b8 Kg6
48.Ba4d7 Rc5c7
49.Bd7e6 Rc7c6
50.Be6f5 Kf7
51.Ra6xc6 Rc3xc6
52.Rb8b7 Kf8
53.Rb7b5 Kf7
54.Kh2 Rc6d6
55.Rb5xe5 g6
56.Bf5h3 Rd6a6
57.Kg3 Nf6h7
58.Re5b5 Ra6a7
59.Bh3c8 Ra7c7
60.Rb5b7 Rc7xb7
61.Bc8xb7 { resign }
1-0

[Event "Eq:BEAC Hungary-CONFOEDERATIONIS HELVETICAE : "]
[Site "www.chess-mail.com"]
[Date "2015.02.03"]
[Round "1"]
[White "Cardiff"]
[Black "Asiamen"]
[WhiteElo "2040"]
[BlackElo "2110"]
[Result "1-0"]
[Round "1"]
1.d4 Ng8f6
2.Nb1c3 d5
3.Bc1g5 c6
4.e3 Bc8f5
5.Bf1d3 Bf5xd3
6.Qd1xd3 h6
7.Bg5xf6 exf6
8.Ng1f3 Bf8b4
9.O-O Bb4xc3
10.Qd3xc3 O-O
11.Rf1e1 Rf8e8
12.b4 a6
13.a4 Nb8d7
14.Nf3d2 Nd7f8
15.Nd2b3 Qd8c7
16.b5 axb5
17.axb5 Qc7b6
18.bxc6 bxc6
19.Nb3c5 Ra8xa1
20.Re1xa1 Re8b8
21.g3 Qb6b5
22.Kg2 Qb5b2
23.Qc3xb2 Rb8xb2
24.Ra1a8 Rb2xc2
25.Nc5d7 Kh7
26.Nd7xf8 { resign }
1-0

[Event "Eq:BEAC Hungary-CONFOEDERATIONIS HELVETICAE : "]
[Site "www.chess-mail.com"]
[Date "2015.02.03"]
[Round "1"]
[White "Asiamen"]
[Black "Cardiff"]
[WhiteElo "2110"]
[BlackElo "2040"]
[Result "1/2-1/2"]
[Round "1"]
1.e4 e5
2.Ng1f3 Nb8c6
3.Bf1b5 a6
4.Bb5a4 d6
5.d3 Ng8f6
6.h3 Bf8e7
7.c3 O-O
8.O-O b5
9.Ba4c2 Nc6b8
10.d4 exd4
11.cxd4 Bc8b7
12.Rf1e1 Nb8d7
13.Nb1d2 c5
14.d5 Nd7b6
15.Nd2f1 c4
16.Nf1g3 Rf8e8
17.Bc1d2 Be7f8
18.Bd2a5 Nf6d7
19.Ra1c1 Qd8f6
20.Ba5c3 Qf6d8
21.Bc3a5 Qd8f6
22.Ba5c3 Qf6d8
23.Bc3a5 Qd8f6
24.Ba5c3 { draw }
1/2-1/2

[Event "Tourn. n8020"]
[Site "www.chess-mail.com"]
[Date "2015.02.05"]
[Round "1"]
[White "Averoes"]
[Black "Faerieking"]
[WhiteElo "2180"]
[BlackElo "2250"]
[Result "1-0"]
[Round "1"]
1.d4 Ng8f6
2.c4 e6
3.Ng1f3 Bf8b4
4.Bc1d2 a5
5.g3 c5
6.Bf1g2 Nb8c6
7.O-O Qd8b6
8.dxc5 Bb4xc5
9.Nb1c3 O-O
10.Nc3a4 Qb6a7
11.Na4xc5 Qa7xc5
12.Ra1c1 Nc6b4
13.a3 Nb4c6
14.Bd2e3 Qc5h5
15.h3 a4
16.g4 Qh5a5
17.Nf3d4 Nc6xd4
18.Qd1xd4 Ra8a6
19.g5 Nf6e8
20.c5 Ne8c7
21.Be3f4 Nc7b5
22.Qd4c4 Nb5a7
23.Bf4d6 Rf8e8
24.f4 { resign }
1-0

[Event "Tourn. n7973"]
[Site "www.chess-mail.com"]
[Date "2015.02.05"]
[Round "1"]
[White "Julian"]
[Black "Libiesse"]
[WhiteElo "1940"]
[BlackElo "2030"]
[Result "1-0"]
[Round "1"]
1.e4 c5
2.Ng1f3 e6
3.Bf1c4 b6
4.d4 cxd4
5.Nf3xd4 Qd8c7
6.Bc4b3 Ng8f6
7.Nb1c3 Bf8b4
8.O-O Bb4xc3
9.bxc3 Nb8a6
10.Nd4b5 Qc7c5
11.Nb5d6 Ke7
12.a4 Qc5xd6
13.Bc1a3 Na6c5
14.Qd1xd6 Kxd6
15.Ra1d1 Kc6
16.e5 Nc5xb3
17.cxb3 Nf6g4
18.Ba3d6  { time }
1-0

[Event "Tourn. n7994"]
[Site "www.chess-mail.com"]
[Date "2015.02.05"]
[Round "1"]
[White "Osopanda"]
[Black "Hundegana"]
[WhiteElo "2020"]
[BlackElo "1950"]
[Result "0-1"]
[Round "1"]
1.c4 c5
2.Ng1f3 Ng8f6
3.d4 e6
4.Nb1c3 a6
5.e4 d6
6.Bc1g5 Bf8e7
7.e5 dxe5
8.dxe5 Qd8xd1
9.Ra1xd1 Nf6d7
10.Bg5xe7 Kxe7
11.Bf1d3 Nb8c6
12.O-O Nd7xe5
13.Nf3xe5 Nc6xe5
14.Bd3e2 b6
15.Rd1d2 Bc8b7
16.f3 Rh8d8
17.Rf1d1 Rd8xd2
18.Rd1xd2 Ne5c6
19.Nc3e4 Nc6b4
20.a3 Nb4c6
21.Ne4d6 Ra8a7
22.Nd6xb7 Ra7xb7
23.Be2d1 Nc6e5
24.b3 Rb7d7
25.Rd2xd7 Kxd7
26.Bd1c2 h6
27.Kf2 b5
28.cxb5 axb5
29.Ke3 Kd6
30.Bc2h7 c4
31.bxc4 Ne5xc4
32.Kd4 Nc4xa3
33.h4 e5
34.Kc3 Kc5
35.Bh7g8 f6
36.Kb3 Na3c4
37.Bg8xc4 bxc4
38.Kc3 Kd5
39.g4 g6
{ resign }
0-1

[Event "Tourn. n7996"]
[Site "www.chess-mail.com"]
[Date "2015.02.05"]
[Round "1"]
[White "Luban"]
[Black "Osopanda"]
[WhiteElo "2130"]
[BlackElo "2020"]
[Result "1-0"]
[Round "1"]
1.d4 Ng8f6
2.c4 g6
3.Ng1f3 Bf8g7
4.e3 d6
5.h3 O-O
6.Nb1c3 c6
7.Bf1d3 Qd8c7
8.e4 e5
9.d5 Nb8a6
10.a3 Na6c5
11.b4 Nc5d7
12.Bc1b2 a6
13.O-O Rf8d8
14.Nf3g5 h6
15.Ng5f3 Nd7f8
16.Ra1c1 Qc7e7
17.Nc3a4 Ra8b8
18.Na4b6 Nf6h7
19.c5 cxd5
20.cxd6 Qe7xd6
21.Nb6xc8 Rb8xc8
22.exd5 Rc8xc1
23.Qd1xc1 f5
24.Bd3e2 Nh7g5
25.Rf1d1 Ng5e4
26.Nf3d2 Ne4xd2
27.Rd1xd2 Nf8d7
28.Rd2c2 Nd7f6
29.Rc2c8 Rd8xc8
30.Qc1xc8 Kh7
31.Be2c4 b5
32.Bc4b3 Nf6e4
33.Qc8c6 Bg7f8
34.f3 Ne4d2
35.Bb3a2 e4
36.Qc6b7 Kg8
37.Bb2c1 Nd2xf3
38.gxf3 Qd6g3
39.Kf1 Qg3xf3
40.Ke1 Qf3h1
41.Kd2 Qh1g2
42.Kd1 Qg2xa2
43.Qb7xa6 Qa2xd5
44.Ke1 Qd5c4
45.Qa6xg6 Kh8
46.Bc1b2 { resign }
1-0

[Event "Tourn. n7897"]
[Site "www.chess-mail.com"]
[Date "2015.02.05"]
[Round "1"]
[White "Jjmcbride"]
[Black "Hugol"]
[WhiteElo "1760"]
[BlackElo "1840"]
[Result "1-0"]
[Round "1"]
1.e4 e5
2.Ng1f3 Nb8c6
3.Bf1b5 a6
4.Bb5xc6 dxc6
5.Nf3xe5 Qd8d4
6.Qd1h5 Qd4xe4
7.Kf1 g6
8.d3 Qe4d5
9.Qh5e2 Bc8e6
10.c4 Qd5d6
11.Qe2e3 Bf8g7
12.f4 O-O-O
13.Nb1d2 Bg7xe5
14.fxe5 Qd6xd3
15.Kf2 Be6xc4
16.Rh1e1 Ng8e7
17.Nd2xc4 Qd3xc4
18.b3 Qc4c2
19.Qe3e2 Qc2xe2
20.Re1xe2 Ne7f5
21.Bc1b2 Rh8e8
22.Ra1e1 Nf5d4
23.Re2d2 Nd4f5
24.Re1d1 Rd8xd2
25.Rd1xd2 Nf5e7
26.g4 Ne7d5
27.Kf3 Re8f8
28.g5 Rf8e8
29.a3 b5
30.h4 Nd5e7
31.Rd2h2 Ne7f5
32.Kf4 c5
33.h5 c6
34.hxg6 hxg6
35.Rh2h7 Re8f8
36.e6 fxe6
37.Rh7a7 Nf5d4
38.Ke5 Nd4xb3
39.Ra7a8 { resign }
1-0

[Event "Tourn. n7993"]
[Site "www.chess-mail.com"]
[Date "2015.02.05"]
[Round "1"]
[White "Cardiff"]
[Black "Osopanda"]
[WhiteElo "2050"]
[BlackElo "2020"]
[Result "1-0"]
[Round "1"]
1.e4 c5
2.g3 d6
3.Bf1g2 Nb8c6
4.Ng1e2 g6
5.d4 cxd4
6.Ne2xd4 Bf8g7
7.c3 Ng8f6
8.Nd4c2 e5
9.O-O Bc8g4
10.f3 Bg4e6
11.Bc1e3 O-O
12.Nb1d2 d5
13.exd5 Nf6xd5
14.Be3f2 Qd8e7
15.Nd2e4 Rf8d8
16.Qd1e2 f5
17.Ne4d2 Qe7g5
18.Nd2b3 f4
19.Nb3c5 Be6c8
20.Ra1d1 fxg3
21.hxg3 Nd5f6
22.Rd1xd8 Nc6xd8
23.Nc5e4 Nf6xe4
24.Qe2xe4 Bc8f5
25.Qe4e2 Nd8c6
26.Nc2e3 Bf5e6
27.Rf1d1 Ra8f8
28.Ne3d5 Rf8d8
29.Nd5e3 Rd8xd1
30.Qe2xd1 Be6xa2
31.Qd1a4 Ba2e6
32.Qa4b5 Be6c8
33.f4 Qg5e7
34.Bg2xc6 bxc6
35.Qb5xc6 Bc8b7
36.Qc6c4 Kf8
37.Ne3g4 exf4
38.Bf2c5 { resign }
1-0

[Event "Tourn. n7957"]
[Site "www.chess-mail.com"]
[Date "2015.02.05"]
[Round "1"]
[White "Picifarkinca"]
[Black "Bojan"]
[WhiteElo "2000"]
[BlackElo "1900"]
[Result "1-0"]
[Round "1"]
1.Ng1f3 b6
2.b3 Bc8b7
3.Bc1b2 f6
4.d4 e6
5.c4 d6
6.Nb1c3 d5
7.e3 dxc4
8.Bf1xc4 Qd8d7
9.O-O Bf8d6
10.Qd1e2 Ng8e7
11.e4 Ne7g6
12.e5 Bd6e7
13.exf6 Be7xf6
14.Bc4xe6 Qd7e7
15.Rf1e1 Kd8
16.d5 Ng6f4
17.Qe2d2 Bf6g5
18.Qd2c2 a6
19.Be6c8 Qe7xe1
20.Ra1xe1 Bb7xc8
21.Nf3xg5 Rh8f8
22.Qc2e4 { resign }
1-0

[Event "Tourn. n8064"]
[Site "www.chess-mail.com"]
[Date "2015.02.05"]
[Round "1"]
[White "Faerieking"]
[Black "Roqueur"]
[WhiteElo "2240"]
[BlackElo "2580"]
[Result "0-1"]
[Round "1"]
1.e4 c5
2.Ng1f3 d6
3.d4 cxd4
4.Nf3xd4 Ng8f6
5.Nb1c3 a6
6.Bc1g5 e6
7.f4 Qd8b6
8.Qd1d2 Qb6xb2
9.Ra1b1 Qb2a3
10.f5 Nb8c6
11.Nd4xc6 bxc6
{ resign }
0-1

[Event "Tourn. n8026"]
[Site "www.chess-mail.com"]
[Date "2015.02.05"]
[Round "1"]
[White "Difficult"]
[Black "Hali"]
[WhiteElo "2020"]
[BlackElo "2150"]
[Result "0-1"]
[Round "1"]
1.e4 c5
2.b3 Ng8f6
3.e5 Nf6g8
4.Bc1b2 d6
5.Ng1f3 e6
6.Bf1b5 Nb8c6
7.Bb5xc6 bxc6
8.O-O Bf8e7
9.exd6 Be7f6
10.Bb2xf6 Ng8xf6
11.Nb1c3 Qd8xd6
12.d4 Bc8a6
13.Rf1e1 O-O
14.dxc5 Qd6xc5
15.Nc3e4 Qc5e7
16.c4 Rf8d8
17.Ne4xf6 Qe7xf6
18.Qd1c2 c5
19.Ra1d1 Ba6b7
20.Rd1xd8 Ra8xd8
21.Nf3e5 Qf6g5
22.g3 f6
23.f4 Qg5h5
24.Ne5d3 Qh5f3
25.Re1xe6 Qf3h1
26.Kf2 Qh1xh2
{ resign }
0-1

[Event "Tourn. n7992"]
[Site "www.chess-mail.com"]
[Date "2015.02.05"]
[Round "1"]
[White "Bojan"]
[Black "Osopanda"]
[WhiteElo "2000"]
[BlackElo "1980"]
[Result "0-1"]
[Round "1"]
1.c4 Ng8f6
2.b4 g6
3.Bc1b2 Bf8g7
4.e3 d6
5.Qd1c2 O-O
6.d4 c6
7.Bf1d3 Qd8c7
8.Nb1d2 Nb8d7
9.a3 e5
10.Ng1e2 Rf8e8
11.Ra1c1 Nd7f8
12.Nd2e4 Nf6xe4
13.Bd3xe4 f5
14.Be4d3 e4
15.d5 exd3
16.Qc2xd3 Bg7xb2
17.Rc1c2 Bb2g7
18.h4 Qc7f7
19.dxc6 bxc6
20.Qd3xd6 Bc8e6
21.Qd6c5 Ra8c8
22.Ne2d4 Nf8d7
23.Qc5xa7 Bg7xd4
24.Qa7xd4 Nd7f6
25.f3 Rc8d8
26.Qd4c5 Nf6h5
27.Kf2 f4
28.Rh1e1 fxe3
29.Re1xe3 Nh5f4
30.Rc2c3 Rd8d2
31.Ke1 Rd2a2
32.g3 Nf4g2
33.Kf1 Ng2xe3
34.Rc3xe3 Be6xc4
{ resign }
0-1

[Event "Tourn. n7707"]
[Site "www.chess-mail.com"]
[Date "2015.02.05"]
[Round "1"]
[White "Numanoid"]
[Black "Seger"]
[WhiteElo "2420"]
[BlackElo "2650"]
[Result "0-1"]
[Round "1"]
1.e4 d6
2.d4 Ng8f6
3.Nb1c3 Nb8d7
4.Ng1f3 e5
5.g4 Nf6xg4
6.Rh1g1 Ng4f6
7.Bc1e3 c6
8.Qd1d2 b5
9.O-O-O Qd8a5
10.dxe5 dxe5
11.Bf1h3 Qa5c7
12.Kb1 h6
13.Nf3e1 Nd7b6
14.Bh3xc8 Ra8xc8
15.Ne1d3 b4
16.Be3xb6 axb6
17.Nc3e2 g6
18.Nd3xb4 Nf6xe4
19.Qd2e3 Bf8xb4
20.Qe3xe4 Qc7e7
21.f4 Bb4c5
22.Rg1e1 exf4
23.Qe4xf4 O-O
24.Ne2c1 Qe7g5
25.Qf4f3 Rf8d8
26.Re1f1 Rc8c7
27.h4 Qg5e7
28.h5 Rd8xd1
29.Rf1xd1 g5
30.Nc1b3 b5
31.Nb3xc5 Qe7xc5
32.a3 Qc5e5
33.Rd1f1 Qe5e6
34.Rf1d1 Rc7e7
35.Rd1f1 g4
36.Qf3f4 Re7d7
37.b3 Rd7d5
38.Rf1g1 f5
39.Rg1f1 Kg7
40.Qf4f2 c5
41.Rf1e1 Qe6d6
42.Ka2 f4
43.Qf2g2 Qd6d7
44.Re1f1 Rd5d4
{ resign }
0-1

[Event "Tourn. n7874"]
[Site "www.chess-mail.com"]
[Date "2015.02.05"]
[Round "1"]
[White "Seger"]
[Black "Pgcbies"]
[WhiteElo "2710"]
[BlackElo "2740"]
[Result "1/2-1/2"]
[Round "1"]
1.e4 e5
2.g3 d5
3.exd5 Qd8xd5
4.Ng1f3 Bc8g4
5.Bf1e2 Nb8c6
6.Nb1c3 Qd5d7
7.d4 Bg4xf3
8.Be2xf3 exd4
9.Nc3e2 Bf8c5
10.O-O Ng8e7
11.a3 Ra8d8
12.b4 Bc5b6
13.Ne2f4 O-O
14.Rf1e1 Rf8e8
15.Ra1b1 Ne7g6
16.Re1xe8 Rd8xe8
17.Nf4xg6 hxg6
18.Bc1f4 Qd7f5
19.Qd1d3 a5
20.bxa5 Qf5xa5
21.Rb1b5 Re8e1
22.Kg2 Qa5a8
23.h4 Qa8e8
24.h5 gxh5
25.Rb5xh5 g6
26.Rh5h4 Qe8e6
27.Qd3b5 Nc6e5
28.Bf3xb7 g5
29.Bf4xg5 c6
30.Bb7xc6 Ne5xc6
31.Bg5d2 Re1e2
32.Rh4h6 Re2xf2
33.Kxf2 d3
34.Kg2 Qe6e2
35.Kh3 Qe2f1
36.Kg4 Qf1d1
37.Kh3 Qd1f1
38.Kg4 Qf1d1
39.Kh3 Qd1f1
40.Kg4 { draw }
1/2-1/2

[Event "Tourn. n7972"]
[Site "www.chess-mail.com"]
[Date "2015.02.06"]
[Round "1"]
[White "Geretree"]
[Black "Georgepapi"]
[WhiteElo "1880"]
[BlackElo "1840"]
[Result "0-1"]
[Round "1"]
1.e4 e5
2.Ng1f3 Nb8c6
3.Nb1c3 Ng8f6
4.Bf1c4 Bf8b4
5.Nc3d5 Nf6xd5
6.Bc4xd5 d6
7.a3 Bb4a5
8.b4 Ba5b6
9.Bd5xc6 bxc6
10.d3 Bc8g4
11.h3 Bg4h5
12.Bc1b2 Qd8f6
13.Qd1e2 Bh5xf3
14.Qe2xf3 Qf6xf3
15.gxf3 O-O
16.a4 a5
17.c3 f5
18.Rh1g1 fxe4
19.dxe4 Rf8xf3
20.Rg1g2 Ra8f8
21.bxa5 Bb6xa5
22.Ke2 Rf3xh3
23.Ra1g1 g6
24.c4 Rh3b3
25.Rg1b1 Ba5c3
26.Rg2g3 Rb3xb2
27.Rb1xb2 Bc3xb2
28.Rg3b3 Bb2d4
29.a5 Rf8xf2
30.Ke1 Rf2a2
31.Rb3b8 Kg7
32.Rb8a8 h5
33.a6 h4
34.Kf1 h3
{ resign }
0-1

[Event "Tourn. n8018"]
[Site "www.chess-mail.com"]
[Date "2015.02.06"]
[Round "1"]
[White "Generalfree"]
[Black "Georgepapi"]
[WhiteElo "1900"]
[BlackElo "1860"]
[Result "0-1"]
[Round "1"]
1.e4 e5
2.Ng1f3 Nb8c6
3.Bf1c4 Bf8c5
4.Bc4xf7 Kxf7
5.Nf3xe5 Nc6xe5
6.Qd1h5 Ne5g6
7.Qh5xc5 Ng8f6
8.d3 Rh8e8
9.Nb1c3 d6
10.Qc5g5 Kg8
11.f4 Nf6d7
12.Qg5d5 Kh8
13.f5 Nd7f6
14.Qd5d4 Ng6e5
15.Bc1g5 h6
16.Bg5h4 Bc8xf5
17.O-O-O Bf5g4
18.Rd1f1 g5
19.Bh4g3 c5
20.Qd4e3 Qd8e7
21.d4 cxd4
22.Qe3xd4 Re8f8
23.Nc3d5 Nf6xd5
24.Rf1xf8 Ra8xf8
25.exd5 Bg4h5
26.Qd4xa7 Qe7f7
27.Qa7d4 Qf7f5
28.Rh1e1 Bh5g6
29.Bg3xe5 dxe5
30.Qd4xe5 Qf5xe5
31.Re1xe5 Rf8f1
32.Kd2 Rf1f2
33.Re5e2 Rf2xe2
34.Kxe2 Bg6xc2
35.b3 Kg7
36.g4 Kf6
37.Kd2 Bc2e4
38.d6 Ke6
39.Ke3 Be4b1
40.a4 Bb1c2
41.Kd4 Bc2xb3
42.Kc5 Bb3xa4
43.Kb6 Kxd6
44.Kxb7 Ba4d1
45.Kc8 Bd1xg4
46.Kd8 Ke6
47.Ke8 Kf6
48.Kf8 Bg4e6
{ resign }
0-1

[Event "Tourn. n8047"]
[Site "www.chess-mail.com"]
[Date "2015.02.06"]
[Round "1"]
[White "Woodpusher2"]
[Black "Faerieking"]
[WhiteElo "2510"]
[BlackElo "2250"]
[Result "1-0"]
[Round "1"]
1.e4 e5
2.Ng1f3 f5
3.Nf3xe5 Nb8c6
4.Qd1h5 g6
5.Ne5xg6 Ng8f6
6.Qh5h3 hxg6
7.Qh3xh8 Qd8e7
8.d3 fxe4
9.dxe4 Nf6xe4
10.Bf1e2 d5
11.Bc1h6 Nc6b4
12.Nb1a3 Bc8d7
13.Bh6xf8 Qe7xf8
14.Qh8xf8 Kxf8
15.O-O c5
16.c3 Nb4c6
17.Na3b5 { resign }
1-0

[Event "Tourn. n8038"]
[Site "www.chess-mail.com"]
[Date "2015.02.06"]
[Round "1"]
[White "Cristero"]
[Black "Averoes"]
[WhiteElo "2120"]
[BlackElo "2120"]
[Result "1-0"]
[Round "1"]
1.e4 c5
2.Ng1f3 e6
3.d4 cxd4
4.Nf3xd4 Nb8c6
5.Nb1c3 Qd8c7
6.Bc1e3 Ng8f6
7.f4 Bf8c5
8.Nd4b5 Qc7b6
9.Nb5d6 Ke7
10.Nd6c4 Bc5xe3
11.Nc4xb6 axb6
12.g3 d5
13.exd5 exd5
14.Nc3xd5 Nf6xd5
15.Qd1xd5 Bc8e6
16.Qd5e4 Be3c5
17.f5 Rh8e8
18.fxe6 Kf8
19.Bf1c4 fxe6
20.Qe4xh7 Bc5d4
21.Rh1f1 Bd4f6
22.O-O-O b5
23.Rd1d7 { resign }
1-0

[Event "Tourn. n7937"]
[Site "www.chess-mail.com"]
[Date "2015.02.06"]
[Round "1"]
[White "Genius9"]
[Black "Cl3537"]
[WhiteElo "1220"]
[BlackElo "1350"]
[Result "1-0"]
[Round "1"]
1.c4 f5
2.d4 Ng8f6
3.g3 Nb8c6
4.Ng1f3 e5
5.dxe5 Nc6xe5
6.Nf3xe5 Bf8d6
7.Ne5d3 O-O
8.Bf1g2 c6
9.O-O b5
10.cxb5 cxb5
11.Bg2xa8 Bd6e5
12.Nd3xe5 h6
13.Qd1b3 Kh7
14.Nb1c3 a6
15.Ba8g2 h5
16.Bc1e3 Rf8e8
17.Ne5f3 Bc8b7
18.Nf3g5 Kg6
19.Qb3f7 Kh6
20.Ng5e6 Kh7
21.Qf7xg7 
1-0

[Event "Tourn. n8055"]
[Site "www.chess-mail.com"]
[Date "2015.02.06"]
[Round "1"]
[White "Jose"]
[Black "Krasin"]
[WhiteElo "2690"]
[BlackElo "2300"]
[Result "1-0"]
[Round "1"]
1.Ng1f3 f5
2.e4 fxe4
3.Nf3g5 d5
4.d3 Qd8d6
5.Nb1c3 Ng8f6
6.dxe4 h6
7.Nc3b5 Qd6b6
8.e5 Nf6g4
9.Ng5h3 c6
10.Bf1e2 Ng4xe5
11.Bc1f4 Nb8d7
12.Bf4e3 Qb6a5
13.b4 Qa5d8
14.Nb5xa7 Ne5f7
15.O-O e5
16.Na7xc8 Qd8xc8
17.c4 d4
18.Be3d2 Nd7f6
19.c5 Bf8e7
20.Be2c4 O-O
21.Qd1b1 Kh8
22.f3 Nf6d5
23.Qb1e4 Qc8d7
24.Rf1e1 Ra8a3
25.f4 b5
26.Bc4d3 Nd5f6
27.Qe4g6 Ra3xd3
28.Qg6xd3 e4
29.Re1xe4 Nf6xe4
30.Qd3xe4 Be7f6
31.Qe4d3 Rf8e8
32.a4 bxa4
33.Ra1xa4 Qd7d5
34.Nh3f2 h5
35.Qd3f3 Qd5xf3
36.gxf3 Nf7h6
37.Nf2e4 Nh6f5
38.Ra4a3 Re8d8
39.Ra3a6 Nf5e7
40.Ne4d6 Kh7
41.Kf2 Kg6
42.Ke2 Rd8b8
43.Kd3 Ne7d5
44.Ra6xc6 Nd5xb4
45.Bd2xb4 Rb8xb4
46.Rc6b6 Rb4a4
47.Nd6b5 { resign }
1-0

[Event "Tourn. n8008"]
[Site "www.chess-mail.com"]
[Date "2015.02.06"]
[Round "1"]
[White "Faerieking"]
[Black "Comrade"]
[WhiteElo "2180"]
[BlackElo "2170"]
[Result "0-1"]
[Round "1"]
1.e4 c5
2.Ng1f3 Nb8c6
3.b4 cxb4
4.d4 e6
5.d5 Qd8f6
6.c3 bxc3
7.dxc6 c2
8.Qd1xc2 Qf6xa1
9.e5 Bf8b4
10.Kd1 Ng8e7
11.Bf1c4 Ne7d5
12.Bc4xd5 exd5
13.Qc2b3 a5
14.Kc2 dxc6
{ resign }
0-1